Bharatatattva: (Record no. 39372)
[ view plain ]
| 000 -LEADER | |
|---|---|
| fixed length control field | 00679nam a22002417a 4500 |
| 005 - DATE AND TIME OF LATEST TRANSACTION | |
| control field | 20240910165924.0 |
| 010 ## - LCCN (DPL NO) | |
| LC control number | ENG-98271 ENG-141726 |
| 020 ## - INTERNATIONAL STANDARD BOOK NUMBER | |
| International Standard Book Number | 8187332506 |
| Terms of availability | 75.00 |
| 020 ## - INTERNATIONAL STANDARD BOOK NUMBER | |
| International Standard Book Number | 9788193731901 |
| Terms of availability | 250.00 |
| 035 ## - SYSTEM CONTROL NUMBER | |
| System control number | EN-81804 |
| 035 ## - SYSTEM CONTROL NUMBER | |
| System control number | EN-125258 |
| 037 ## - SOURCE OF ACQUISITION | |
| Source of stock number/acquisition | DBAD/ |
| 082 ## - DEWEY DECIMAL CLASSIFICATION NUMBER | |
| Classification number | 954.01 |
| 245 ## - TITLE STATEMENT | |
| Title | Bharatatattva: |
| Remainder of title | Course in indology/ |
| 260 ## - PUBLICATION, DISTRIBUTION, ETC. (IMPRINT) | |
| Place of publication, distribution, etc | Kolkata |
| Name of publisher, distributor, etc | The Ramakrishna Mission Institute of Cultutre |
| Date of publication, distribution, etc | 2006 |
| 270 ## - ADDRESS | |
| Address | Kolkata |
| City | Kolkata |
| Postal code | 700029 |
| 300 ## - PHYSICAL DESCRIPTION | |
| Extent | v.2 (xii,347p.) |
| Dimensions | 22cm (pbk) |
| 300 ## - PHYSICAL DESCRIPTION | |
| Extent | v.3 (xiv,418p.) |
| 490 ## - SERIES STATEMENT | |
| Volume number/sequential designation | Vol 3 |
| 650 ## - SUBJECT ADDED ENTRY--TOPICAL TERM | |
| Geographic subdivision | India |
| 650 ## - SUBJECT ADDED ENTRY--TOPICAL TERM | |
| Topical term or geographic name as entry element | Study Skill |
| 942 ## - ADDED ENTRY ELEMENTS (KOHA) | |
| Source of classification or shelving scheme | Dewey Decimal Classification |
| Item type | English Books |
| Classification part | 954.01 |
| Call number suffix | BHA |
| Withdrawn status | Lost status | Materials specified (bound volume or other part) | Not for loan | Collection code | Home library | Current library | Date acquired | Source of acquisition | Cost, normal purchase price | Full call number | Barcode | Copy number | Cost, replacement price | Koha item type |
|---|---|---|---|---|---|---|---|---|---|---|---|---|---|---|
| VOL-3 | Non-fiction | Bawana | Bawana | 10/09/2024 | DBAD | 250.00 | 954.01 BHA | EN-125258 | 1 | 250.00 | English Books | |||
| v.1- A Stu | Not For Loan | Non-fiction | D.B.Act.Division | D.B.Act.Division | 05/08/2010 | DBAD/PUB | 75.00 | 954.01 BHA | EN-81804 | 1 | 75.00 | English Books |
